Gratiani canones genuini ab apocryphis discreti, corrupti ad emendatiorum codicum fidem exacti, difficiliores commoda interpretatione illustrati

Detalles Bibliográficos
Autor principal: Gratianus el canonista s. XII
Otros Autores: Berardi, Carlo Sebastiano 1719-1768 (Compilador)
Formato: Libro
Lenguaje:Latin
Publicado: Venetiis 1783
Edición:Editio secunda veneta
Materias:
Colección:Banco de datos
Acervo:Biblioteca de la Congregación del Oratorio de San Felipe Neri de México. Iglesia La Profesa
Descripción Física:t. 4°
Tema general:Derecho eclesiástico
Notas:Portada tipográfica con viñeta y pleca en grabado xilográfico. Texto a dos columnas con apostillas marginales. Incluye cabecera de título en grabado xilográfico. Incluye capitulares floreadas en grabado xilográfico. Cada tomo con portada y numeración propias. Año de los t. 1-2 publicados en 1783. Paginación: t. 1, v. 1 XL, 448 p.; t. 1, v. 2 IV, 430 p.; t. 2, v. 2 IV, 396 p. Encuadernación en piel sobre cartón (5532-5534). Sello en tinta del Oratorio de San Felipe Neri de México. Biblioteca La Profesa, D.F. (5532-5534). Daños de humedad, hongo y en la encuadernación, lomo desprendido (5532). Daños de humedad, hongo y en la encuadernación (5533, 5534)
LEADER 01703nam a22002050004500
035 |a 2793 
041 0 |a lat 
100 1 |a Gratianus  |c el canonista  |d s. XII 
245 1 0 |a Gratiani canones genuini ab apocryphis discreti, corrupti ad emendatiorum codicum fidem exacti, difficiliores commoda interpretatione illustrati  |c opera et studio Caroli Sebastiani Berardi presbyteri uneliensis, in regio arbenaeo jurisconsultorum Collegio adscripti, et jurisprudentiae studiis in Regia Academia praefecti 
250 |a Editio secunda veneta 
260 |a Venetiis  |b ex typographia Petri Valvasensis ; sumptibus Remondinianis  |c 1783 
300 |a  t.  |c 4° 
500 |a Portada tipográfica con viñeta y pleca en grabado xilográfico. Texto a dos columnas con apostillas marginales. Incluye cabecera de título en grabado xilográfico. Incluye capitulares floreadas en grabado xilográfico. Cada tomo con portada y numeración propias. Año de los t. 1-2 publicados en 1783. Paginación: t. 1, v. 1 XL, 448 p.; t. 1, v. 2 IV, 430 p.; t. 2, v. 2 IV, 396 p. Encuadernación en piel sobre cartón (5532-5534). Sello en tinta del Oratorio de San Felipe Neri de México. Biblioteca La Profesa, D.F. (5532-5534). Daños de humedad, hongo y en la encuadernación, lomo desprendido (5532). Daños de humedad, hongo y en la encuadernación (5533, 5534) 
504 |a Índice de capítulos 
650 1 0 |a Derecho eclesiástico 
700 1 |a Berardi, Carlo Sebastiano  |d 1719-1768  |e com. 
949 |a Iglesia La Profesa, Biblioteca t. 1, v. 1 (5532); t. 1, v. 2 (5533); t. 2, v. 2 (5534) 
942 |c PROFESA 
943 |g Biblioteca de la Congregación del Oratorio de San Felipe Neri de México. Iglesia La Profesa 
999 |c 949604  |d 949604